Top 10 Richest Countries in North America - Statistics

General Stats
  • This quiz has been taken 90 times
  • The average score is 8 of 10
Answer Stats
Rank Country GDP per capita % Correct
2 Canada $43,400
100%
1 United States $50,700
100%
9 Mexico $15,600
99%
10 Dominica $14,400
87%
8 Panama $15,900
87%
3 Bahamas $31,900
79%
4 Barbados $25,800
76%
7 Saint Kitts and Nevis $16,500
75%
5 Trinidad and Tobago $20,400
74%
6 Antigua and Barbuda $18,300
70%
No matching quizzes found
Score Distribution
Percent of People with Each Score
Percentile by Number Answered
Your Score History
You have not taken this quiz